[Event "Werther Schloss op-A 13rd"]
[Site "Werther"]
[Date "2007.04.01"]
[Round "7"]
[White "Gutman, Lev"]
[Black "Mussgnug, Oliver"]
[Result "1-0"]
[WhiteElo "2464"]
[BlackElo "2060"]
[PlyCount "85"]
[EventDate "2007.03.29"]
[EventType "swiss"]
[EventRounds "7"]
[EventCountry "GER"]
[SourceTitle "CBM 117 Extra"]
[Source "ChessBase"]
[SourceDate "2007.05.09"]
[SourceVersion "1"]
[SourceVersionDate "2007.05.09"]
[SourceQuality "1"]

1. Nf3 Nf6 2. g3 g6 3. Bg2 Bg7 4. 0-0 0-0 5. d4 d5 6. Bf4 c6 7. Qc1 Re8 8. Bh6 Bh8 9. c4 dxc4 10. Qxc4 Qd5 11. Qxd5 cxd5 12. Nc3 Bd7 13. Ne5 Bc6 14. Rfd1 e6 15. Rac1 Nfd7 16. Nxc6 Nxc6 17. Nb5 Re7 18. Bf4 Nb6 19. e4 a6 20. Nc7 Rd8 21. exd5 Nxd5 22. Nxd5 exd5 23. Bg5 f6 24. Be3 h5 25. Bf1 Re6 26. Rc5 Kf7 27. Bg2 Red6 28. b4 f5 29. b5 axb5 30. Rxb5 R6d7 31. a4 Bf6 32. a5 g5 33. Kf1 f4 34. gxf4 gxf4 35. Bxf4 Nxd4 36. Rb6 Nc6 37. a6 Na5 38. a7 Ra8 39. Rxd5 Rxd5 40. Bxd5+ Ke7 41. Bb8 Bd4 42. Rb5 Nc6 43. Rxb7+ 1-0

[Event "Werther Schloss op-A 13rd"]
[Site "Werther"]
[Date "2007.03.29"]
[Round "1"]
[White "Dargel, Manuel"]
[Black "Mussgnug, Oliver"]
[Result "1-0"]
[WhiteElo "2200"]
[BlackElo "2060"]
[PlyCount "39"]
[EventDate "2007.03.29"]
[EventType "swiss"]
[EventRounds "7"]
[EventCountry "GER"]
[SourceTitle "CBM 117 Extra"]
[Source "ChessBase"]
[SourceDate "2007.05.09"]
[SourceVersion "1"]
[SourceVersionDate "2007.05.09"]
[SourceQuality "1"]

1. c4 e5 2. g3 g6 3. Bg2 Bg7 4. Nc3 d6 5. e3 Ne7 6. Nge2 0-0 7. 0-0 Nd7 8. d3 c6 9. b3 f5 10. Ba3 Nf6 11. h3 g5 12. f4 gxf4 13. exf4 Kh8 14. Qd2 Bh6 15. Rae1 Rg8 16. Kh2 Ng6 17. d4 exf4 18. Nxf4 Nxf4 19. gxf4 d5 20. Be7 1-0

[Event "Bielefeld Gr2"]
[Site "Bielefeld"]
[Date "2006.06.04"]
[Round "5"]
[White "Mussgnug, Oliver"]
[Black "Lehmann, Martin"]
[Result "1/2-1/2"]
[WhiteElo "1945"]
[BlackElo "1921"]
[PlyCount "95"]
[EventDate "2006.06.02"]
[EventType "tourn"]
[EventRounds "7"]
[EventCountry "GER"]
[SourceTitle "EXT 2007"]
[Source "ChessBase"]
[SourceDate "2006.11.23"]
[SourceVersion "1"]
[SourceVersionDate "2006.11.23"]
[SourceQuality "1"]

1. e4 Nf6 2. Nc3 d5 3. exd5 Nxd5 4. Bc4 e6 5. Nf3 Be7 6. d4 0-0 7. 0-0 b6 8. Ne5 Bb7 9. Nxd5 exd5 10. Bd3 Nd7 11. Bf4 c5 12. c3 Nxe5 13. Bxe5 Bf6 14. f4 cxd4 15. cxd4 Rc8 16. Qh5 g6 17. Qh6 Bxe5 18. fxe5 Qe7 19. Rf6 Rfe8 20. Raf1 Qf8 21. Qf4 Re7 22. e6 Rcc7 23. Qd6 Qc8 24. Qg3 Rxe6 25. Bf5 Rxf6 26. Bxc8 Rxf1+ 27. Kxf1 Rxc8 28. Qa3 a5 29. Kf2 Kg7 30. Qb3 Rc6 31. Qb5 h5 32. h4 Re6 33. Kf3 Rf6+ 34. Ke3 Re6+ 35. Kd2 Rc6 36. a4 Kh7 37. b4 axb4 38. a5 Rc4 39. Qxb6 Bc8 40. a6 Bxa6 41. Qxa6 Rxd4+ 42. Ke3 Rxh4 43. Qb7 Kg7 44. Qxd5 Rg4 45. Kf3 f5 46. g3 Kf6 47. Qd8+ Ke6 48. Qe8+ 1/2-1/2

[Event "Duisburg Grossenbaum op"]
[Site "Duisburg"]
[Date "2004.05.31"]
[Round "6"]
[White "Mussgnug, Oliver"]
[Black "Wuestehube, Axel"]
[Result "1-0"]
[WhiteElo "2068"]
[BlackElo "1844"]
[PlyCount "59"]
[EventDate "2004.05.28"]
[EventType "swiss"]
[EventRounds "7"]
[EventCountry "GER"]
[SourceTitle "EXT 2006"]
[Source "ChessBase"]
[SourceDate "2005.11.24"]
[SourceVersion "1"]
[SourceVersionDate "2005.11.24"]
[SourceQuality "1"]

1. e4 c6 2. d4 d5 3. Nc3 dxe4 4. Nxe4 Bf5 5. Nc5 b6 6. Nb3 Nf6 7. Nf3 e6 8. g3 Nbd7 9. Bg2 Rc8 10. 0-0 c5 11. Re1 Be4 12. Bg5 Qc7 13. Bf4 Bd6 14. Ng5 Bxf4 15. Nxe4 Bd6 16. dxc5 Nxe4 17. cxd6 Nxd6 18. Qg4 0-0 19. Nd4 Nf6 20. Qe2 Rfe8 21. c3 Qc5 22. Rad1 Nf5 23. Rd2 Nxd4 24. Rxd4 Rcd8 25. Red1 Rxd4 26. Rxd4 b5 27. Qd2 Kf8 28. Rd6 Ke7 29. Rc6 Qf5 30. Qd6# 1-0

[Event "Duisburg Grossenbaum op"]
[Site "Duisburg"]
[Date "2004.05.30"]
[Round "5"]
[White "Van der Pas, Sven"]
[Black "Mussgnug, Oliver"]
[Result "1/2-1/2"]
[WhiteElo "1886"]
[BlackElo "2068"]
[PlyCount "88"]
[EventDate "2004.05.28"]
[EventType "swiss"]
[EventRounds "7"]
[EventCountry "GER"]
[SourceTitle "EXT 2006"]
[Source "ChessBase"]
[SourceDate "2005.11.24"]
[SourceVersion "1"]
[SourceVersionDate "2005.11.24"]
[SourceQuality "1"]

1. c4 e5 2. Nc3 Nc6 3. g3 g6 4. Bg2 Bg7 5. Nf3 d6 6. 0-0 Nge7 7. d3 0-0 8. Bd2 h6 9. Rb1 Kh7 10. b4 Ng8 11. Ne1 f5 12. Nd5 Nce7 13. Nxe7 Nxe7 14. Bc3 c6 15. b5 d5 16. bxc6 bxc6 17. Bb4 Be6 18. Qa4 e4 19. cxd5 cxd5 20. Nc2 Rf7 21. Ba5 Qe8 22. Qxe8 Rxe8 23. Nb4 Rb8 24. Rfc1 Rb5 25. Bd8 a5 26. Bxe7 Rxe7 27. Nc6 Rxb1 28. Rxb1 Rc7 29. Nxa5 Rc2 30. Bf1 exd3 31. exd3 Bd4 32. Rb7+ Kg8 33. Re7 Rxf2 34. Nb3 Be3 35. Rxe6 d4 36. Rxg6+ Kf7 37. Rb6 Rxa2+ 38. Kh1 Rf2 39. Bh3 Rb2 40. Rb7+ Kg6 41. Nc5 Rc2 42. Rb6+ Kh5 43. Ne6 Rc1+ 44. Kg2 Rc2+ 1/2-1/2

[Event "Werther Schloss op-A 8th"]
[Site "Werther"]
[Date "2002.03.24"]
[Round "4"]
[White "Mussgnug, Oliver"]
[Black "Kuenitz, Klaus"]
[Result "1-0"]
[WhiteElo "2063"]
[BlackElo "2068"]
[PlyCount "102"]
[EventDate "2002.03.22"]
[EventType "swiss"]
[EventRounds "5"]
[EventCountry "GER"]
[SourceTitle "CBM 087 Extra"]
[Source "ChessBase"]
[SourceDate "2002.05.03"]
[SourceVersion "2"]
[SourceVersionDate "2002.08.09"]
[SourceQuality "1"]

1. e4 e6 2. d4 d5 3. e5 c5 4. c3 Nc6 5. Be3 cxd4 6. cxd4 Bb4+ 7. Nc3 Nge7 8. Bd3 Bxc3+ 9. bxc3 Bd7 10. Nf3 Rc8 11. Rb1 Na5 12. Bd2 Bc6 13. 0-0 Qd7 14. Rb4 Nc4 15. Nh4 a5 16. Rb1 Na3 17. Rc1 Bb5 18. Bxb5 Qxb5 19. Qb3 Qxb3 20. axb3 Nb5 21. f4 0-0 22. f5 exf5 23. Nxf5 Nxf5 24. Rxf5 Rc6 25. Rf3 Rfc8 26. Rd3 b6 27. Kf2 f6 28. Ke2 Re6 29. Re3 fxe5 30. Rxe5 Rxe5+ 31. dxe5 Re8 32. Bf4 g5 33. Bg3 h5 34. h3 h4 35. Bh2 Rc8 36. Kd3 Kf7 37. c4 Ke7 38. Bg1 dxc4+ 39. bxc4 Nc7 40. Bxb6 a4 41. Ra1 Ne6 42. Be3 Ra8 43. Ra3 Kf7 44. Ke4 Ra5 45. Bb6 Ra6 46. c5 Nf4 47. Kf5 Nxg2 48. e6+ Ke7 49. Rd3 Ra8 50. Rd7+ Ke8 51. c6 Nf4 1-0

[Event "Werther Schloss op-A 8th"]
[Site "Werther"]
[Date "2002.03.24"]
[Round "5"]
[White "Mussgnug, Oliver"]
[Black "Schwarz, Thomas"]
[Result "1/2-1/2"]
[WhiteElo "2063"]
[BlackElo "2218"]
[PlyCount "97"]
[EventDate "2002.03.22"]
[EventType "swiss"]
[EventRounds "5"]
[EventCountry "GER"]
[SourceTitle "CBM 087 Extra"]
[Source "ChessBase"]
[SourceDate "2002.05.03"]
[SourceVersion "2"]
[SourceVersionDate "2002.08.09"]
[SourceQuality "1"]

1. e4 d6 2. d4 Nf6 3. Nc3 e5 4. Nf3 Nbd7 5. Bc4 Be7 6. 0-0 0-0 7. Re1 c6 8. h3 Qc7 9. Bd3 b6 10. Be3 Bb7 11. Ne2 c5 12. dxc5 dxc5 13. Nd2 c4 14. Bxc4 Nxe4 15. Nxe4 Qxc4 16. Qxd7 Qxe4 17. Qg4 Qc6 18. f4 f5 19. Qf3 Qxf3 20. gxf3 exf4 21. Nxf4 Bf6 22. Ne6 Rf7 23. Nd4 g6 24. Kg2 Re7 25. c3 Rae8 26. Bf2 Rxe1 27. Rxe1 Rxe1 28. Bxe1 a6 29. Bg3 b5 30. Kf2 Kf7 31. Bd6 Ke8 32. Bb8 b4 33. f4 Bd5 34. a3 bxc3 35. bxc3 Be7 36. a4 Bh4+ 37. Ke3 Bc4 38. Nf3 Bd8 39. Kd4 Bb3 40. c4 Bxa4 41. Ne5 Bf6 42. Kc5 Kd8 43. Kb6 Kc8 44. Bd6 Bd8+ 45. Kxa6 Be8 46. c5 g5 47. Nc4 gxf4 48. Nb6+ Bxb6 49. cxb6 1/2-1/2

[Event "Werther Schloss op-A 8th"]
[Site "Werther"]
[Date "2002.03.23"]
[Round "2"]
[White "Mussgnug, Oliver"]
[Black "Braun, Vitali"]
[Result "0-1"]
[WhiteElo "2063"]
[BlackElo "2211"]
[PlyCount "76"]
[EventDate "2002.03.22"]
[EventType "swiss"]
[EventRounds "5"]
[EventCountry "GER"]
[SourceTitle "CBM 087 Extra"]
[Source "ChessBase"]
[SourceDate "2002.05.03"]
[SourceVersion "2"]
[SourceVersionDate "2002.08.09"]
[SourceQuality "1"]

1. e4 e6 2. d4 d5 3. e5 c5 4. c3 Ne7 5. Nf3 Nec6 6. a3 a5 7. Bd3 b6 8. Nbd2 Ba6 9. Nf1 Be7 10. h4 Nd7 11. Bf4 Bxd3 12. Qxd3 c4 13. Qe2 h6 14. Rh3 b5 15. Rg3 Bf8 16. Ne3 Nb6 17. h5 b4 18. Nd2 bxc3 19. bxc3 Qh4 20. Qf3 Kd7 21. Rb1 Rb8 22. Nc2 Qd8 23. Be3 Ke8 24. Qd1 Na4 25. Rxb8 Qxb8 26. Nb4 Nxc3 27. Nxc6 Qb2 28. Nxc4 dxc4 29. Qd2 Qxa3 30. Bf4 Bb4 31. Nxb4 axb4 32. Qc1 Qa2 33. Rxc3 bxc3 34. Qxc3 Ke7 35. Kf1 Qb3 36. Bd2 Ra8 37. Kg1 Qxc3 38. Bxc3 Ra3 0-1

[Event "Werther Schloss op-A 8th"]
[Site "Werther"]
[Date "2002.03.22"]
[Round "1"]
[White "Petrosian, Suren"]
[Black "Mussgnug, Oliver"]
[Result "1-0"]
[WhiteElo "2388"]
[BlackElo "2063"]
[PlyCount "35"]
[EventDate "2002.03.22"]
[EventType "swiss"]
[EventRounds "5"]
[EventCountry "GER"]
[SourceTitle "CBM 087 Extra"]
[Source "ChessBase"]
[SourceDate "2002.05.03"]
[SourceVersion "2"]
[SourceVersionDate "2002.08.09"]
[SourceQuality "1"]

1. e4 c5 2. Nf3 Nc6 3. Nc3 e6 4. d4 cxd4 5. Nxd4 d6 6. Be3 Nf6 7. f3 Be7 8. Qd2 0-0 9. 0-0-0 a6 10. Kb1 Qc7 11. g4 e5 12. Nf5 Bxf5 13. gxf5 d5 14. Nxd5 Nxd5 15. exd5 Rfd8 16. Bd3 Nd4 17. c3 Nxf3 18. Qf2 1-0

[Event "Werther Schloss op-A 5th"]
[Site "Werther"]
[Date "1999.03.28"]
[Round "4"]
[White "Mussgnug, Oliver"]
[Black "Cremer, Jochen"]
[Result "0-1"]
[WhiteElo "2055"]
[BlackElo "2180"]
[PlyCount "80"]
[EventDate "1999.03.26"]
[EventType "swiss"]
[EventRounds "5"]
[EventCountry "GER"]
[SourceTitle "CBM 069 Extra"]
[Source "ChessBase"]
[SourceDate "1999.05.10"]
[SourceVersion "1"]
[SourceVersionDate "1999.05.10"]
[SourceQuality "1"]

1. e4 c5 2. Nf3 d6 3. d4 cxd4 4. Nxd4 Nf6 5. Nc3 a6 6. Be3 e5 7. Nb3 Be7 8. Bc4 Be6 9. Bd5 Nc6 10. 0-0 Qc7 11. Qe2 Nb4 12. Bxe6 fxe6 13. a3 Nc6 14. Qc4 Qc8 15. Bb6 0-0 16. f4 exf4 17. Rxf4 Ne5 18. Qxc8 Raxc8 19. Na5 Nfd7 20. Rxf8+ Rxf8 21. Bd4 b6 22. Bxe5 Nxe5 23. Nb3 Bg5 24. Ne2 Be3+ 25. Kh1 Ng4 26. h3 Nf2+ 27. Kh2 Nxe4 28. Nbd4 Rf2 29. Re1 Bd2 30. Rd1 e5 31. Ng3 Bf4 32. Ndf5 Nxg3 33. Nxg3 Rxc2 34. Rxd6 Rxb2 35. Rd8+ Kf7 36. Rd3 e4 37. Rd5 Ke6 38. Rd4 Re2 39. Kg1 Bxg3 40. Kf1 Re1# 0-1